000 00852nam a2200229 a 4500
999 _c853
_d853
001 853
003 BD-JhCC
005 20171012120021.0
008 171010s1982 bg |||| |||| 000 0 ben d
020 _a9840742140
035 _a(BD-JhCC)853
040 _aBD-JhCC
_dBD-JhCC
041 _aben
082 _a891.4435
_bSHA 1982
100 _aসাঁ-জ্যুপেরী, আতোয়াঁ দ্যু
245 _aছোট্ট রাজপুত্র /
_cআতোয়াঁ দ্যু সাঁ - জ্যুপেরী; আদাস চৌধুরী (রূপা.)
260 _aঢাকা;
_bবাংলা একাডেমী,
_c১৯৮২
300 _a৯৮ পৃ.;
_c২২০ সে.মি.
650 _aBengali Short Stories
_xJuvinaile
942 _2ddc
_cBK